The java sourcebook

Shranjeno v:
Bibliografske podrobnosti
Glavni avtor: Anuff, Ed (Author)
Format: Knjiga
Jezik:angleščina
Izdano: Nueva York John Wiley 1996
Teme:
Oznake: Označite
Brez oznak, prvi označite!

MARC

LEADER 00000nam a2200000 a 4500
001 UCS1459
003 CL-VaPUC
008 970509e19960000US |||||||||||||||||eng|d
082 0 4 |a 004.6  |b ANU  |2 21 
100 0 |a Anuff, Ed  |e author  |9 385931 
245 1 4 |a The java sourcebook 
300 |a 498 p 
942 |c BK 
945 |d 19970509 00:00:00  |a amoreno 
260 |a Nueva York  |b John Wiley  |c 1996 
650 0 |a Lenguajes de programación   |9 259458 
650 0 |a Páginas web  |x Creación  |9 385932 
650 7 |a CONTROL DE FLUJOS  |2 CL-VaPUC  |9 385933 
650 7 |a INTERFASES  |2 CL-VaPUC  |9 385934 
650 0 |a Arreglos  |9 385935 
650 0 |a Gráficos   |9 351109 
650 7 |a MULTIMEDIOS  |2 CL-VaPUC  |9 385936 
583 |a last modification  |c 19970509 00:00:00  |k Rodrigo Vera 
999 |c 259539  |d 259537